| 000 | 00592nam a2200193 a 4500 | ||
|---|---|---|---|
| 005 | 20210219155009.0 | ||
| 008 | 041118s2002 ea r 000 0 eng d | ||
| 020 | _a0415250447 | ||
| 035 | _aUPN01000136441 | ||
| 049 | _aCG | ||
| 050 | 4 |
_aLC225 _bCH5.4 |
|
| 245 | 0 | 0 |
_aChildren, home and school : _bregulation, autonomy or connection? / _ced. Rosalind Edwards. |
| 260 |
_aNew York : _bRoutledge Falmer, _c2002. |
||
| 300 | _a194 p. | ||
| 440 | 0 | _aFuture of childhood series | |
| 650 | 4 |
_aHOGAR Y ESCUELA - _vESTUDIOS INTERCULTURALES |
|
| 700 | 1 |
_aEdwards, Rosalind, _eed. |
|
| 905 | _aLibro | ||
| 999 |
_c108592 _d108592 |
||